BIBLIOTECA

SENCICO

Cálculo y geometría analítica / (Registro nro. 465)

Detalles MARC
000 -LEADER
fixed length control field 01147nam a2200289Ia 4500
003 - CONTROL NUMBER IDENTIFIER
control field PE SENCICO BE
005 - DATE AND TIME OF LATEST TRANSACTION
control field 20251020182438.0
008 - FIXED-LENGTH DATA ELEMENTS--GENERAL INFORMATION
fixed length control field 200515s9999 xx 000 0 und d
020 ## - INTERNATIONAL STANDARD BOOK NUMBER
International Standard Book Number 958-600-250-0 (Obra completa)
040 ## - CATALOGING SOURCE
Original cataloging agency PE SENCICO BE
Transcribing agency PE SENCICO BE
041 ## - LANGUAGE CODE
Language code of text/sound track or separate title spa
082 ## - DEWEY DECIMAL CLASSIFICATION NUMBER
Classification number 515.15
Item number S79 1995
100 1# - MAIN ENTRY--PERSONAL NAME
Personal name Stein, Sherman K.
9 (RLIN) 3211
Relator term autor
245 10 - TITLE STATEMENT
Title Cálculo y geometría analítica /
Statement of responsibility, etc. Stein Sherman K., Anthony Barcellos
250 ## - EDITION STATEMENT
Edition statement 5a ed.
260 ## - PUBLICATION, DISTRIBUTION, ETC.
Place of publication, distribution, etc. Santafé de Bogotá :
Name of publisher, distributor, etc. McGraw-Hill ;
Date of publication, distribution, etc. 1995
300 ## - PHYSICAL DESCRIPTION
Extent v.
Other physical details tablas, gráficos ;
Dimensions 27 cm.
505 0# - FORMATTED CONTENTS NOTE
Formatted contents note volumen 2: Series de potencias y números complejos -- Vectores -- La derivación de una función vectorial -- Derivadas parciales -- Integrales definidas sobre regiones planas y sólidas -- El teorema de Green -- El teorema de la divergencia y el teorema de stokes
650 10 - SUBJECT ADDED ENTRY--TOPICAL TERM
Topical term or geographic name entry element Cálculo
9 (RLIN) 3212
650 20 - SUBJECT ADDED ENTRY--TOPICAL TERM
Topical term or geographic name entry element Geometría analítica
9 (RLIN) 2105
650 20 - SUBJECT ADDED ENTRY--TOPICAL TERM
Topical term or geographic name entry element Integrales
9 (RLIN) 3213
650 20 - SUBJECT ADDED ENTRY--TOPICAL TERM
Topical term or geographic name entry element Números complejos
9 (RLIN) 3124
650 20 - SUBJECT ADDED ENTRY--TOPICAL TERM
Topical term or geographic name entry element Vectores
9 (RLIN) 3182
650 20 - SUBJECT ADDED ENTRY--TOPICAL TERM
Topical term or geographic name entry element Teorema de Stokes
9 (RLIN) 3214
700 1# - ADDED ENTRY--PERSONAL NAME
9 (RLIN) 3215
Personal name Barcellos, Anthony
Relator term autor
942 ## - ADDED ENTRY ELEMENTS (KOHA)
Koha item type Libros
Source of classification or shelving scheme Dewey Decimal Classification
Existencias
Fecha de la última vez que lo usaron Número de ingreso o de inventario Pago total Signatura topográfica completa Código de barras Precio efectivo desde Tipo de documento Estado perdido Sistema de clasificación Estado dañado No es para préstamo Retirado Ubicación permanente Ubicación actual Fecha de adquisición
15/05/2020 11489   515.15/S79/1995/v. 2 BibLima25070027 15/05/2020 Libros   Dewey Decimal Classification       Biblioteca Central Lima Biblioteca Central Lima 15/05/2020